000 010070000a22002170004500
020 _a84-7151-730-2 : 978-84-7151-730-2 : 75.000
041 0 _aSpa.
082 0 4 _aG 226 A2841e
100 1 _aAguirre Monasterio, Rafael (1941-)
245 1 0 _aEvangelios sinópticos y Hechos de los Apóstoles / Rafael Aguirre Monasterio , Antonio Rodríguez Carmona
250 _a9
260 _aEstella, Navarra : Verbo Divino
300 _a404 p.
440 0 _aIntroducción al Estudio de la Biblia ; v.6
500 _aIncluye siglas y abreviaturas \ Incluye índice general
505 0 0 _aIntroducción a los Evangelios Sinópticos -- Evangelio según san Marcos -- Evangelio según san Mateo -- La obra de Lucas.
650 1 4 _aBIBLIA N.T. - EVANGELIOS SINOPTICOS \ BIBLIA N.T. - HECHOS \ BIBLIA N.T. - MARCOS \ BIBLIA N.T. - LUCAS \ BIBLIA N.T. - INTRODUCCIONES \ INTERPRETACION DE LA BIBLIA
001 3117
856 4 0 _a[IMG[]]https://www.verbodivino.org/inc/cart/Assets/product_full/369.jpg
942 _cBK
999 _c33821
_d33821